| 000 | 00323nam a2200121Ia 4500 | ||
|---|---|---|---|
| 005 | 20251222154328.0 | ||
| 008 | 251222s9999||||xx |||||||||||||| ||spa|| | ||
| 020 | _a84-345-8362-3 | ||
| 082 | _a154.6/Z77/Ej.2 | ||
| 100 | _a"Zimmer, Dieter E." | ||
| 245 | 0 | _aDormir y soƱar: La mitad nocturna de nuestras vidas | |
| 942 | _cLIB | ||
| 999 |
_c34029 _d34029 |
||